| 000 | 01380nam a22003737a 4500 | ||
|---|---|---|---|
| 003 | CHAP | ||
| 005 | 20220329133951.0 | ||
| 008 | 971013s1983 r 00010 d | ||
| 010 | _a13370 | ||
| 011 | _a14342 | ||
| 035 | _a18415 | ||
| 040 | _cCHAP | ||
| 090 | _aTesis | ||
| 100 | 0 | 0 |
_aCastañón Nájera, Guillermo. _919972 |
| 245 | _aSelección entre linesa S1 en una población con amplia base genética de maíz superenano (Zea mays L.) : efecto de la densidad de población sobre la estimación de parámetros genéticos | ||
| 260 |
_aSaltillo, Coah. : _bEl autor, _c1983 |
||
| 300 |
_a85 h. _b: ilus. ; gráfs. |
||
| 502 | _aTesis (M.C. Esp. en Fitomejoramiento) -- Univ. Autónoma Agraria Antonio Narro | ||
| 590 |
_aALEPH _b10 _c20130110 _lUCH01 _h1232 |
||
| 590 |
_aBATCH-UPD _b10 _c20130110 _lUCH01 _h0119 |
||
| 590 |
_aBATCH-UPD _b10 _c20130110 _lUCH01 _h1719 |
||
| 590 |
_aBATCH-UPD _b10 _c20130409 _lUCH01 _h2113 |
||
| 590 |
_aBATCH-UPD _b10 _c20130410 _lUCH01 _h1103 |
||
| 590 |
_aBATCH-UPD _b10 _c20130914 _lUCH01 _h0856 |
||
| 590 |
_aCONVERSION _b10 _c20130109 _lUCH01 _h1309 |
||
| 650 | 1 | 4 |
_aMaíz enano. _971113 |
| 650 | 1 | 4 |
_aMaíz _xEspaciamiento. _970946 |
| 650 | 1 | 4 |
_aMaíz _xGenética. _970963 |
| 650 | 1 | 4 |
_aMaíz _xRendimiento. _971051 |
| 650 | 1 | 4 |
_aMaíz _xVariedades. _971081 |
| 901 | _aBK | ||
| 942 | _cTESIS | ||
| 949 |
_bBC _cTES _d-42972 _eTS1 _h19628 _i18415 _si |
||
| 999 |
_c13370 _d13370 |
||